[Event "Boeing Action"]
[Site "?"]
[Date "1974.06.04"]
[Round "2"]
[White "Bloom, G."]
[Black "Bailey, B."]
[Result "0-1"]
[WhiteElo "100"]
[BlackElo "2050"]
[Annotator "Stockfish 13 (15s)"]
[PlyCount "60"]
[EventDate "1974.??.??"]

{D05: Colle System with ...e6} 1. d4 d5 2. Nf3 Nf6 3. e3 e6 4. b3 c5 5. c3 (5.
a3 Be7 6. Bd3 O-O 7. O-O Nc6 8. Bb2 a6 9. Ne5 Nxe5 10. dxe5 Nd7 11. a4 b6 12.
f4 g6 13. Nd2 f5 14. exf6 Bxf6 15. Bxf6 Qxf6 16. e4 Bb7 17. e5 Qg7 18. Qg4 Rfe8
19. h4 Nf8 {Zaitsev,V (2412)-Afonin,A (2288) Serpukhov 1999 1-0}) 5... Nc6 (
5... Bd7 6. Bd3 Nc6 7. Bb2 cxd4 8. cxd4 Nb4 9. Nc3 Nxd3+ 10. Qxd3 a6 11. O-O
Bb4 12. Rfd1 Bxc3 13. Qxc3 O-O 14. Ba3 Re8 15. Ne5 Ne4 16. Qe1 Bb5 17. f3 Nf6
18. e4 Rc8 19. Rac1 Nd7 20. Ng4 {
Naroditsky,A (1658)-Mar,H (1537) San Francisco 2006 1-0 (32)}) 6. Bd3 $146 (6.
Ba3 b6 7. Bb5 Bd7 8. O-O Bd6 9. Bxc6 Bxc6 10. Ne5 Qc7 11. f4 Ne4 12. Nxc6 Qxc6
13. Bb2 O-O 14. Nd2 Nxd2 15. Qxd2 c4 16. b4 a5 17. a3 axb4 18. axb4 Rxa1 19.
Rxa1 Ra8 20. Qe1 Ra4 {
Mandell,E (1379)-Brereton,J (1310) Kalamazoo 2003 1-0 (33)}) 6... Be7 7. O-O
O-O 8. Nbd2 Qc7 9. e4 (9. Bb2 $5 Rd8 10. Qe2 $11) 9... cxd4 $17 10. cxd4 Nb4
11. e5 $2 (11. Qe2 $142 Nh5 12. g3 Nxd3 13. Qxd3 dxe4 14. Nxe4 $17) 11... Nxd3
$19 12. exf6 Bxf6 13. Ba3 Be7 (13... Rd8 14. Qe2 Qc3 15. Rad1 $19) 14. Nb1 $2 (
14. Bxe7 Qxe7 15. Ne5 Nxe5 16. dxe5 Bd7 $17) 14... Bxa3 (14... Nb4 $142 $19)
15. Qxd3 $4 (15. Nxa3 $142 Nb4 16. Qd2 $19) 15... Bb2 16. Ng5 (16. Nbd2 Bxa1
17. Rxa1 f6 $19) 16... g6 17. Qh3 (17. Nd2 Bxa1 18. Rxa1 e5 $19) 17... f5 (
17... f6 18. Nc3 Bxa1 19. Nb5 $19) 18. Re1 (18. Nd2 Bxd4 19. Rac1 $19) 18...
Bxa1 19. Nd2 (19. Qe3 Qa5 20. Nf3 Bd7 $19) 19... Bxd4 20. g3 (20. Qf3 Qa5 21.
Qe2 Bf6 $19) 20... Bf6 21. Ndf3 e5 22. Kg2 e4 23. Rc1 Qe7 (23... exf3+ $142 24.
Kxf3 Qg7 $19) 24. Rxc8 exf3+ 25. Nxf3 Raxc8 26. g4 Qe4 27. Qg3 (27. g5 Bxg5 28.
Qg3 Bf4 29. Qh3 g5 30. Qh6 g4 31. Qxf4 Qxf4 32. Ne5 Rc2 33. Nd3 Qf3+ 34. Kg1
Qxd3 35. a3 Rc1+ 36. Kg2 Qh3#) 27... Rc3 (27... fxg4 28. a3 Be5 29. Kg1 Bxg3
30. hxg3 Qxf3 31. a4 Qxf2+ 32. Kh1 Rc1#) 28. gxf5 (28. g5 Bd4 29. h4 Re8 30. a3
f4 31. Qg4 Qe2 32. a4 Qxf2+ 33. Kh3 Rxf3+ 34. Qxf3 Qxf3+ 35. Kh2 Re2#) 28...
Be5 $1 29. Qxe5 (29. Qxe5 Qxf3+ {Mate attack Deflection}) 29... Qxf3+ 30. Kf1
Rc1+ (30... Rc1+ 31. Qe1 Rxf5 32. a3 Qxf2#) 0-1

[Event "Independence Day Open"]
[Site "?"]
[Date "1974.07.04"]
[Round "1"]
[White "Johnson, C."]
[Black "Bailey, B."]
[Result "1-0"]
[WhiteElo "1671"]
[BlackElo "2067"]
[Annotator "Stockfish 13 (15s)"]
[PlyCount "59"]
[EventDate "1974.??.??"]

{B06: Modern Defence} 1. g3 Nf6 2. Bg2 g6 3. e4 e5 4. Nc3 Bg7 5. d3 d6 6. f4
Nc6 (6... c6 7. Nf3 Nbd7 8. O-O O-O 9. Kh1 Re8 10. Be3 Ng4 11. Bg1 exf4 12.
gxf4 f5 13. Qe2 Nb6 14. Rae1 Bd7 15. a4 a5 16. b3 Qc7 17. Nd1 d5 18. e5 c5 19.
h3 Nh6 20. d4 c4 21. Ne3 {
Medina Garcia,A (2380)-Valcarcel,J (2200) Las Palmas 1972 1-0 (58)}) 7. Nge2
$146 (7. Nf3 Be6 (7... Bg4 8. h3 (8. O-O Qd7 9. a3 O-O 10. Be3 Nd4 11. Qd2
Nxf3+ 12. Bxf3 Bh3 13. Bg2 Bxg2 14. Qxg2 Ng4 15. Bd2 exf4 16. Bxf4 c6 17. h3
Bd4+ 18. Kh1 Ne3 19. Bxe3 Bxe3 20. Ne2 Bh6 21. Rab1 Rae8 22. Nf4 f5 {
Lorke,C (1907)-Schleupner,K (2055) Bayern 2002 0-1 (40)}) 8... Bxf3 9. Bxf3 Qd7
10. Be3 exf4 11. gxf4 h5 12. Qd2 O-O-O 13. O-O-O Kb8 14. Rdg1 Rhg8 15. Qf2 a6
16. Rh2 Bh6 17. Qh4 Ne5 18. Be2 Qe7 19. Qf2 Nc6 20. Rhg2 Rde8 21. Kb1 Qe6 22.
Rh2 {Yu,W (1860)-Naquin,C (1740) Calvi 2005 1-0 (58)}) 8. O-O Qd7 9. Be3 O-O-O
10. Ng5 Ng4 11. Bd2 exf4 12. Nxe6 Qxe6 13. Bh3 h5 14. Rxf4 Kb8 15. Rf1 Ne7 16.
Qf3 Rdf8 17. Rae1 Nc6 18. Nd5 Bd4+ 19. Kg2 Nce5 20. Qe2 f5 21. c3 Bb6 {
Larsen,B-Ofstad,P Halle 1963 1-0 (38)}) 7... Bg4 (7... h5 8. fxe5 dxe5 9. Bg5
$11) 8. h3 $14 Bxe2 9. Nxe2 (9. Qxe2 $6 exf4 10. Bxf4 Nh5 $11) 9... Qe7 10. Be3
(10. O-O exf4 11. gxf4 Nh5 $14) 10... Nh5 (10... O-O 11. O-O exf4 12. gxf4 $14
(12. Rxf4 $143 d5 $17) (12. Bxf4 $143 d5 $17) (12. Nxf4 $143 d5 $17)) 11. c3 (
11. f5 gxf5 12. exf5 O-O-O $16) 11... Bh6 12. Qd2 exf4 13. gxf4 (13. Nxf4 $143
Nxg3 14. Nd5 Qh4 $17) 13... Nd8 $2 (13... f5 $142 $5 $14) 14. Bf3 Ne6 15. O-O-O
Qh4 (15... Neg7 16. h4 $18) 16. Bxh5 (16. Bg4 $142 $5 O-O-O 17. Rhf1 $18 (17.
Bxa7 b6 $17)) 16... Qxh5 $16 17. Rdf1 {White plans f5} Qa5 18. Kb1 f5 $2 (18...
O-O-O 19. h4 f5 20. h5 $16) 19. Ng3 $4 (19. exf5 $142 gxf5 20. Nd4 $18) 19...
fxe4 $4 (19... O-O-O $142 $14) 20. f5 $18 Bxe3 21. Qxe3 Nf8 (21... Nc5 22. d4
Na4 23. Qxe4+ Kd8 24. fxg6 Qb5 $18) 22. Qxe4+ Kd7 23. Re1 (23. Qxb7 $5 Re8 24.
Ne4 Re5 25. fxg6 Nxg6 $18) 23... gxf5 (23... Rd8 24. Qd4 Rg8 $18) 24. Nxf5 Ng6
25. Qe6+ Kc6 26. b4 (26. Qe4+ $142 Kd7 27. Nd4 $18) 26... Qa6 (26... Qa4 27.
b5+ Qxb5+ 28. Ka1 Rae8 29. Qxe8+ Rxe8 30. Nd4+ Kb6 31. Nxb5 Rxe1+ 32. Rxe1 Kxb5
$18) 27. c4 Qa3 28. Nd4+ Kb6 29. c5+ Ka6 30. Qc4+ (30. Qc4+ b5 31. Qxb5#) 1-0

[Event "Independence Day Open"]
[Site "?"]
[Date "1974.07.04"]
[Round "2"]
[White "Bailey, B."]
[Black "Martin, B."]
[Result "1-0"]
[WhiteElo "2067"]
[BlackElo "1692"]
[Annotator "Stockfish 13 (15s)"]
[PlyCount "85"]
[EventDate "1974.??.??"]

{C10: French with 3 Nc3: Unusual Black 3rd moves and 3...dxe4} 1. e4 e6 2. d4
d5 3. Nd2 dxe4 4. Nxe4 Bd7 5. Nf3 Bc6 6. Bd3 Bxe4 7. Bxe4 c6 8. O-O Be7 (8...
Nf6 9. Bg5 Be7 10. Bd3 Nbd7 11. Bxf6 Bxf6 12. Re1 {
1/2-1/2 (12) Perez,I (2250)-Valdes,L (2315) Colon 1993}) 9. c4 (9. c3 Nf6 10.
Bc2 O-O 11. Qd3 g6 12. Re1 Nbd7 13. Bh6 Re8 14. Rad1 Bf8 15. Bg5 Be7 16. c4 Qc7
17. Bb3 Rad8 18. Qc3 Nh5 19. Bxe7 Rxe7 20. d5 cxd5 21. cxd5 Qxc3 22. bxc3 Nc5
23. dxe6 Rxd1 {Poetschke,W (2220)-Kuelper,T Passau 1997 1-0 (66)}) 9... Nf6 10.
Bc2 Qc7 $146 (10... O-O 11. Ne5 Nbd7 12. Qf3 Nxe5 13. dxe5 Ne8 14. Qe4 g6 15.
Be3 Ng7 16. Rfd1 Qc7 17. f4 Rfd8 18. Qf3 Rxd1+ 19. Rxd1 a6 20. Qf2 Rd8 21. Rb1
c5 22. Be4 Nf5 23. Bxf5 exf5 24. b4 b6 25. g3 {
Skovgaard,P-Rasmussen,P Copenhagen 1995 1/2-1/2}) 11. b3 Nbd7 12. Bb2 O-O 13.
Qd3 (13. Qe2 a5 $16) 13... Rfd8 14. Rfe1 Nc5 (14... b5 15. Rad1 $14) 15. Qe2
$16 Ncd7 16. Rad1 Bb4 17. Nd2 Bd6 18. h3 Re8 19. Nf3 Bb4 20. Rf1 Bd6 21. Ne5
Bf8 (21... Rad8 22. g3 $16) 22. g4 g6 23. Qf3 (23. f4 Rad8 24. Qf3 Bg7 $16)
23... Bg7 24. Nd3 (24. Qf4 Nxe5 25. dxe5 Rad8 $14) 24... Rad8 25. Rfe1 a6 (
25... h6 $5 $14) 26. Bc1 $16 Nf8 27. Bg5 N8d7 (27... Qe7 28. Nc5 h6 29. Bh4 $16
) 28. Bb1 (28. a3 h6 29. Bf4 Qc8 $16) 28... Rc8 (28... b5 $5 $16) 29. Bf4 Qd8 (
29... Qa5 $142 $16) 30. Be5 $4 (30. Ne5 $142 Nxe5 31. dxe5 $18 (31. Rxe5 $6 Re7
$14) (31. Bxe5 $6 h6 $14)) 30... Nxe5 $11 31. dxe5 (31. Rxe5 $2 Qxd4 32. Ree1
Qc3 $19) 31... Nd7 32. Nc5 Rc7 (32... Nxe5 $4 33. Rxe5 Qa5 34. Rd7 $18) 33. Qd3
Re7 $4 (33... Qh4 $142 34. Qd6 Bf8 35. Qxc7 Bxc5 36. Qxd7 Qxf2+ 37. Kh1 Qf3+
38. Kh2 Qf2+ 39. Kh1 Qf3+ 40. Kh2 Qf4+ 41. Kh1 Qf3+ $11) 34. f4 (34. Qd6 Bf8
35. Ne4 Qb8 $18) 34... Qc8 (34... Qb8 35. Ne4 (35. Nxd7 Rexd7 36. Qe3 Qd8 $11)
35... b6 36. Kg2 $18) 35. Ne4 Qb8 36. Re2 Kf8 $2 (36... Nf8 $18) 37. Red2 (37.
h4 b5 $18) 37... Qa7+ (37... Kg8 38. Qe3 Nf8 39. Rd8 $18) 38. Kg2 Qb8 (38...
Kg8 39. h4 Nf8 $18) 39. g5 Qc8 (39... Re8 40. Qe3 Ke7 41. h4 $18) 40. Qe3 (40.
Nf6 $5 h6 $18) 40... Bh8 (40... Kg8 41. h4 $18) 41. Rd3 (41. h4 c5 $18) 41...
Bg7 (41... c5 42. h4 $18) 42. Qd2 Nb6 (42... Kg8 43. Nf6+ Nxf6 44. gxf6 Re8 45.
fxg7 c5 $18) 43. Rd8+ (43. Rd8+ Re8 44. Rxc8 Rexc8 45. Qb4+ Kg8 46. Qxb6 $18)
1-0

[Event "Independence Day Open"]
[Site "?"]
[Date "1974.07.05"]
[Round "3"]
[White "Golding, D."]
[Black "Bailey, B."]
[Result "1/2-1/2"]
[WhiteElo "1556"]
[BlackElo "2067"]
[Annotator "Stockfish 13 (15s)"]
[PlyCount "91"]
[EventDate "1974.??.??"]

{C54: Giuoco Piano: 4 c3 Nf6, main lines with 5 d4 and 5 d3} 1. e4 e5 2. Nf3
Nc6 3. Bc4 Bc5 4. c3 Nf6 5. d4 exd4 6. cxd4 Bb4+ 7. Bd2 Nxe4 8. Bxb4 Nxb4 9.
Bxf7+ Kf8 10. Bb3 (10. O-O Qe7 11. Bb3 d5 12. a3 Na6 13. Bxd5 c6 14. Bb3 Qf6
15. Re1 Bf5 16. Ne5 Nxf2 17. Qe2 Nh3+ 18. gxh3 g6 19. Rf1 Kg7 20. Nc3 Qh4 21.
Nf3 Qf6 22. Qe5 Rhf8 23. Qxf6+ Rxf6 24. h4 Bh3 {
Mari Arul,S (2245)-Mapelle,S Paris 1994 1-0 (47)}) 10... d6 (10... d5 11. Ne5
Qd6 12. Nc3 Nf6 13. O-O a6 14. Rc1 Bf5 15. Qf3 Be6 16. Na4 a5 17. Qg3 b5 18.
Nc5 a4 19. Bd1 Rc8 20. a3 Na6 21. Nxe6+ Qxe6 22. Rc6 Qe7 23. Rxa6 c5 24. Qh3
Qb7 25. Ra7 {Vukmirovic,D-Kilibarda,N (1871) Belgrade 2004 1-0 (34)}) 11. O-O
Ng5 $146 (11... Bg4 12. h3 Bh5 13. a3 Nc6 14. Re1 Ng5 15. Bd5 Nxf3+ 16. Bxf3
Bxf3 17. Qxf3+ Qf6 18. Qxf6+ gxf6 19. Rd1 Kg7 20. Nc3 Rhe8 21. Nd5 Rac8 22.
Rac1 a6 23. f3 Re2 24. b4 Ra2 25. Rc3 Re8 26. f4 {
Neldner,A-Saal,H Osnabrueck 1994 1/2-1/2 (35)}) (11... Nf6 12. Re1 Nbd5 13. Qd2
$18) 12. Nxg5 Qxg5 13. Qf3+ (13. Nc3 $142 Bf5 14. Qf3 $18) 13... Qf6 14. Qxf6+
(14. Qg3 $142 $5 h5 15. Nd2 $18) 14... gxf6 $16 15. Rc1 (15. Nc3 Bd7 $16) 15...
c6 16. Nc3 (16. d5 $5 c5 17. Rc3 $14) 16... Bf5 17. Rd1 Re8 $2 (17... d5 18.
Ne2 $11) 18. Re1 (18. a3 $142 Na6 19. d5 $18) 18... d5 $11 19. Rxe8+ Kxe8 20.
Re1+ Kd7 21. Re2 Bg6 22. Bd1 Re8 23. Rxe8 Bxe8 24. Bg4+ Kd6 25. Bf5 Bg6 26.
Bxg6 hxg6 27. Kf1 (27. h4 Ke6 28. f3 Nc2 $11) 27... Nd3 (27... g5 28. h3 $15)
28. Nd1 (28. b3 Nb4 $11) 28... Nf4 29. Ne3 f5 (29... Nd3 30. Nd1 $15) 30. g3 (
30. h4 Nd3 $11) 30... Ne6 (30... Nd3 31. Nd1 $15) 31. Nc2 $11 c5 32. dxc5+ Nxc5
33. f4 Ne6 34. b4 d4 35. Ke2 Kd5 36. Kd3 {Attacks the isolani on d4} a6 37. Na3
a5 38. Nc2 axb4 39. Nxb4+ Kc5 40. a3 b5 41. Nc2 Kd5 42. Nb4+ Kc5 43. Nc2 Kd5
44. Nb4+ Kd6 45. Nc2 Kc5 46. Nb4 1/2-1/2

[Event "Independence Day Open"]
[Site "?"]
[Date "1974.07.05"]
[Round "4"]
[White "Bailey, B."]
[Black "Lerner, L."]
[Result "1-0"]
[WhiteElo "2067"]
[BlackElo "1623"]
[Annotator "Stockfish 13 (15s)"]
[PlyCount "105"]
[EventDate "1974.??.??"]

{C05: French Tarrasch: 3...Nf6 4 e5 Nfd7, 5 f4 and 5 Bd3 sidelines} 1. e4 e6 2.
d4 d5 3. Nd2 Nf6 4. e5 Nfd7 5. f4 c5 6. c3 Nc6 7. Ngf3 Be7 8. Be2 O-O (8...
cxd4 9. cxd4 f5 10. exf6 Nxf6 11. O-O O-O {
1/2-1/2 (11) Chernyshov,K (2450)-Farago,I (2470) Harkany 1997}) 9. O-O f6 10.
Nb3 (10. Kh1 Qb6 11. Nb3 a5 12. Rb1 a4 13. Na1 cxd4 14. cxd4 fxe5 15. fxe5 a3
16. Nb3 axb2 17. Rxb2 Ba3 18. Rc2 Nb4 19. Rd2 Bxc1 20. Nxc1 Qc7 21. Rb2 Nc6 22.
Bd3 b6 23. Rbf2 Ba6 24. Ng5 Bxd3 {
Bilic,M (2359)-Traini,I Dos Hermanas 2004 1-0 (36)}) 10... f5 $146 (10... fxe5
11. fxe5 cxd4 12. cxd4 Rf7 13. Be3 Nf8 14. Bd3 Nb4 15. Bb1 Bd7 16. a3 Nc6 17.
Nc5 b6 18. Nxd7 Nxd7 19. Bxh7+ Kxh7 20. Ng5+ Bxg5 21. Qh5+ {
1-0 (21) Aw,O-Chudleigh,N Thessaloniki 1988}) (10... c4 11. Nbd2 $14) 11. dxc5
(11. Kh1 cxd4 12. cxd4 a5 $16) 11... Nxc5 $14 12. Nxc5 (12. Be3 b6 $14) 12...
Bxc5+ 13. Kh1 Qc7 $2 (13... a5 14. a4 $14) 14. Qd3 (14. b4 Be7 $16) 14... a6 (
14... a5 $5 $11) 15. Be3 Be7 (15... Bxe3 16. Qxe3 Bd7 17. Rac1 $16) 16. Rac1 (
16. b4 Bd7 $16) 16... b5 (16... Bd7 17. c4 dxc4 18. Qxc4 $16) 17. b3 Bb7 (17...
Bd7 18. b4 $16) 18. Bd4 (18. b4 $5 Bc8 $16) 18... Rac8 19. Qe3 (19. b4 $5 $16)
19... Nxd4 $14 20. cxd4 (20. Nxd4 Bc5 $14) 20... Qd7 21. Qd2 Rxc1 22. Rxc1 Rc8
23. Rxc8+ Qxc8 24. b4 Qc6 25. g3 Bc8 26. Ne1 Bb7 27. a3 Qb6 28. Qc3 Qc6 29.
Qxc6 Bxc6 30. Kg2 g5 31. Nd3 (31. Bh5 Kf8 $14) 31... Bb7 (31... g4 32. Nc5 Bxc5
33. bxc5 $11) 32. Kf3 (32. Bh5 Kf8 $14) 32... g4+ $11 33. Ke3 Kf7 34. Bd1 Ke8
35. Nc5 Bc8 36. a4 Bxc5 37. bxc5 b4 $4 (37... Bd7 $142 $11) 38. a5 $18 Kd7 (
38... b3 39. Kd2 Kd7 $18) 39. Kd3 (39. Ba4+ Kc7 40. c6 b3 41. Kd3 b2 42. Kc2
b1=R 43. Kxb1 Kb8 44. Kb2 Ka8 45. Kc3 Ka7 46. Kb4 Kb8 47. Kc5 Kc7 48. Bc2 h6
49. Ba4 h5 50. Bd1 h4 51. gxh4 Bd7 52. cxd7 g3 53. hxg3 Kxd7 54. Be2 Ke8 55.
Bxa6 Kd7 56. Be2 Ke8 57. a6 Kd7 58. a7 Ke8 59. a8=Q+ Kf7 60. Qh8 Ke7 61. Bb5
Kf7 62. Ba4 Ke7 63. Qe8#) 39... Kc6 $4 (39... Kc7 $142 $11) 40. Ba4+ Kc7 41. c6
Kd8 42. Kc2 Kc7 43. Kb3 Kb8 (43... Kd8 44. Kxb4 h6 45. Kc5 Kc7 46. Bc2 h5 47.
Bd1 h4 48. gxh4 Bd7 49. cxd7 g3 50. hxg3 Kxd7 51. Be2 Ke8 52. Bxa6 Kd8 53. Be2
Kc7 54. a6 Kd8 55. a7 Ke7 56. a8=Q Kf7 57. Qh8 Ke7 58. Bb5 Kf7 59. Ba4 Ke7 60.
Qe8#) 44. Kxb4 Kc7 45. Kc5 h6 46. Bb3 (46. Bd1 h5 47. Ba4 h4 48. gxh4 Kd8 49.
Kd6 Ke8 50. Kc7 Kf7 51. Kxc8 Kg6 52. c7 Kh5 53. Bd1 Kxh4 54. Kd7 g3 55. hxg3+
Kxg3 56. c8=Q Kf2 57. Qc3 Kg2 58. Qf3+ Kh2 59. Qf2+ Kh3 60. Qg1 Kh4 61. Qh2#)
46... Bd7 47. cxd7 Kxd7 48. Kb6 Kc8 (48... h5 49. Kxa6 Kc6 50. Ba4+ Kc7 51. Kb5
Kd7 52. a6 Ke7 53. Kb6 h4 54. a7 Kf7 55. Bd7 h3 56. a8=Q Kg7 57. Bxe6 Kh7 58.
Qg8+ Kh6 59. Bxd5 Kh5 60. Qg5#) 49. Kxa6 Kb8 (49... Kc7 50. Kb5 h5 51. a6 h4
52. Ba4 hxg3 53. hxg3 Kd8 54. a7 Ke7 55. a8=Q Kf7 56. Qh8 Ke7 57. Qf6+ Kd7 58.
Kb6+ Kc8 59. Qf8#) 50. Kb6 Ka8 (50... Kc8 51. a6 Kd7 52. a7 Ke7 53. a8=Q Kf7
54. Qh8 h5 55. Ba4 h4 56. gxh4 g3 57. hxg3 Ke7 58. Qe8#) 51. a6 (51. Bxd5+ exd5
52. e6 h5 53. e7 h4 54. e8=Q#) 51... h5 (51... Kb8 52. a7+ Kc8 53. a8=Q+ Kd7
54. Ba4+ Ke7 55. Qe8#) 52. a7 h4 53. Ba4 (53. Ba4 h3 54. Bc6#) 1-0

[Event "Independence Day Open"]
[Site "?"]
[Date "1974.07.06"]
[Round "5"]
[White "Karch, R."]
[Black "Bailey, B."]
[Result "0-1"]
[WhiteElo "1988"]
[BlackElo "2067"]
[Annotator "Stockfish 13 (15s)"]
[PlyCount "76"]
[EventDate "1974.??.??"]

{D63: Queen's Gambit Declined: Classical: 7 Rc1} 1. d4 d5 2. c4 e6 3. Nc3 Be7
4. Nf3 Nf6 5. Bg5 Nbd7 6. e3 c6 7. Bd3 O-O 8. O-O Re8 9. Rc1 h6 10. Bh4 dxc4
11. Bxc4 Nd5 12. Bxe7 Qxe7 13. a3 Nxc3 14. Rxc3 e5 15. dxe5 Nxe5 16. Nxe5 Qxe5
17. Ba2 $146 (17. f4 Qf6 18. f5 b5 19. Ba2 Bb7 20. Qh5 Rad8 21. Rf2 Re5 22. h3
c5 23. Qg6 Rd1+ 24. Kh2 c4 25. Qxf6 gxf6 26. b3 Rd3 27. Rfc2 Rexe3 28. Rxd3
cxd3 29. Rc7 d2 30. Rd7 Re2 31. h4 Rxg2+ {
Sladecek,J (2060)-Balazec,L (1900) Bratislava 1989 0-1 (32)}) 17... Bf5 18. Qh5
Qf6 19. Rc5 (19. Qf3 Qg6 $11) 19... Bg6 20. Qe2 Rad8 21. Rc3 (21. Bb1 Bxb1 22.
Rxb1 Re7 $15) 21... Qd6 (21... Rd7 $142 22. Bb1 Bxb1 23. Rxb1 Red8 $15) 22.
Rfc1 $4 (22. Re1 Be4 $15) 22... Re7 $4 (22... Qd2 $142 $5 23. Bc4 Qxe2 24. Bxe2
Rd2 $19) 23. f3 (23. Bb3 Bd3 24. Qg4 Red7 $11) 23... Red7 (23... Qd2 24. Re1
Qxe2 25. Rxe2 Rd1+ 26. Kf2 Bd3 $17) 24. e4 $2 (24. Bb3 Bf5 $17) 24... Qe5 (
24... Qf4 $5 25. g3 Rd2 26. gxf4 Rxe2 27. Bc4 Rxb2 28. R1c2 Rxc2 29. Rxc2 $19)
25. R3c2 $17 Qg5 26. Rc5 $2 (26. Qf1 $142 $5 $17) 26... Qf4 $19 27. Qe1 (27. g3
Rd2 28. gxf4 Rxe2 $19) 27... Rd2 28. R5c2 Qg5 29. g3 (29. Qf1 R8d4 30. Bb1 Qd8
31. Rxd2 Rxd2 $19) 29... Qa5 (29... R8d3 $142 30. h4 Qd8 31. Rxd2 Rxd2 $19) 30.
Qe3 $4 (30. Kf1 $142 R8d3 31. Rxd2 Qxd2 32. Rc3 $17) 30... R8d3 31. Qe1 (31.
Qxd3 Qb6+ 32. Kh1 Rxd3 33. Kg2 $19) 31... Rxc2 32. Qxa5 Rxc1+ 33. Kg2 (33. Kf2
Rc2+ 34. Ke1 Re3+ 35. Kd1 Rxh2 $19) 33... Rc2+ 34. Kh3 Rxb2 (34... Rxf3 35. Qe1
Rxb2 36. Bb1 $19) 35. Bc4 (35. Bxf7+ Bxf7 36. Qe5 Rb5 37. Qb8+ Kh7 $19) 35...
Rxf3 36. Qe5 (36. Kg4 Re3 37. Qc5 Rxe4+ 38. Kf3 b5 $19) 36... Rff2 37. Kh4
Rxh2+ 38. Kg4 Rbf2 (38... Rbf2 39. Qf4 b5 $19) 0-1

[Event "Independence Day Open"]
[Site "?"]
[Date "1974.07.06"]
[Round "6"]
[White "Bailey, B."]
[Black "Salmon, N."]
[Result "1/2-1/2"]
[WhiteElo "2067"]
[BlackElo "2085"]
[Annotator "Stockfish 13 (15s)"]
[PlyCount "94"]
[EventDate "1974.??.??"]

{B42: Sicilian: Kan Variation: 5 Bd3} 1. e4 c5 2. Nf3 e6 3. d4 cxd4 4. Nxd4 a6
5. Bd3 Qc7 6. O-O Nc6 7. Nxc6 dxc6 8. Be3 e5 9. Nd2 Nf6 10. f3 Be7 11. Qe2 O-O
$146 (11... b5 12. Nb3 c5 13. c4 Be6 14. Rfc1 b4 15. a3 O-O 16. axb4 cxb4 17.
Qf2 Nd7 18. Bf1 a5 19. f4 f6 20. f5 Bf7 21. Kh1 a4 22. Nd2 Bc5 23. Be2 Qb6 24.
Nf1 Bxe3 25. Qxe3 Qxe3 26. Nxe3 {Kvanmo,H-Remman,F Tromsoe 1992 0-1 (59)}) (
11... Be6 12. a4 O-O 13. a5 Nd7 14. Qf2 {
1/2-1/2 (14) Jurkovic,A (2285)-Ledic,T (2315) Pula 1992}) 12. a4 b6 (12... a5
13. Kh1 $11) 13. Qf2 Nd7 (13... Rb8 14. Rfb1 $14) 14. Kh1 (14. a5 $5 b5 15.
Rfd1 $14) 14... a5 $14 15. Rfd1 (15. Nb3 Ba6 $11) 15... Bc5 $11 16. Nf1 Bxe3
17. Nxe3 Nc5 18. Bc4 Be6 19. Bxe6 Nxe6 20. Nf5 Rad8 21. Qe3 (21. h3 Rxd1+ 22.
Rxd1 Rd8 $11) 21... Rxd1+ (21... h5 22. Qe1 $11) 22. Rxd1 $11 Rd8 23. Qe1 Nd4
24. Ne3 f6 25. Rd3 Ne6 26. Qd2 Rd4 27. b3 h6 28. h3 Qd8 29. Nc4 Kh8 30. Kh2 Kh7
31. Kg1 g5 (31... Qe7 32. Rxd4 (32. Nxb6 $4 Qc5 33. Rxd4 Qxb6 $19) 32... Nxd4
33. Kh2 $11 (33. Nxb6 Qc5 34. Kf2 Qxb6 $19)) 32. Kf2 (32. Rxd4 Nxd4 33. Kh1 Kg6
$11) 32... Kg7 33. g3 Nc5 34. Rxd4 exd4 35. b4 Nxa4 36. bxa5 b5 37. Qb4 bxc4
38. Qxa4 (38. Qb7+ Kg6 39. Qxc6 d3 40. cxd3 Qd4+ 41. Kg2 Qb2+ 42. Kg1 Qb1+ 43.
Kg2 Qc2+ 44. Kg1 Qc1+ 45. Kg2 Qd2+ 46. Kg1 Qe3+ 47. Kg2 Qe2+ 48. Kg1 Qe3+ 49.
Kg2 Qe2+ 50. Kg1 Qd1+ 51. Kf2 Qc2+ 52. Kg1 Qc1+ 53. Kf2 Qd2+ 54. Kg1 Qd1+ 55.
Kf2 Qc2+ 56. Kg1 $11) 38... d3 $15 39. cxd3 $4 (39. c3 h5 40. g4 h4 $17) 39...
Qxd3 $4 (39... Qd4+ $142 40. Kg2 Qb2+ 41. Kf1 cxd3 $19) 40. a6 $11 Qd2+ 41. Kf1
c3 42. a7 $4 (42. Qb4 $142 $11) 42... c2 $19 43. Qxc2 Qxc2 44. a8=Q Qd1+ 45.
Kf2 Qd2+ 46. Kf1 Qd1+ 47. Kf2 Qd2+ 1/2-1/2

[Event "One-game Match"]
[Site "?"]
[Date "1974.10.06"]
[Round "1"]
[White "Bailey, B."]
[Black "Joyner, D."]
[Result "0-1"]
[WhiteElo "2046"]
[BlackElo "1752"]
[Annotator "Stockfish 13 (15s)"]
[PlyCount "54"]
[EventDate "1974.??.??"]

{B97: Sicilian Najdorf: Poisoned Pawn} 1. e4 c5 2. Nf3 d6 3. d4 cxd4 4. Nxd4
Nf6 5. Nc3 a6 6. Bg5 e6 7. f4 Qb6 8. Nb3 Be7 9. Bd3 (9. Qd4 Qc7 10. O-O-O Nc6
11. Qd2 O-O 12. Bxf6 gxf6 13. Bd3 Kh8 14. g4 Rg8 15. h4 Rxg4 16. Rdg1 Rxg1+ 17.
Rxg1 Qd8 18. Qd1 Nb4 19. Bf1 Bd7 20. a3 Nc6 21. Qh5 Qf8 22. Bd3 Bd8 23. Nd2 Ne7
{Murey,J (2505)-Gavrikov,V (2525) Amsterdam 1987 0-1 (45)}) 9... h6 10. Bxf6
Bxf6 11. Qd2 (11. Qe2 Nd7 12. O-O-O Qc7 13. f5 O-O 14. Kb1 Bxc3 15. bxc3 Qxc3
16. g4 Nb6 17. Qe3 Nc4 18. Qc1 b5 19. Rhg1 a5 20. Rg3 Qe5 21. c3 Bb7 22. Re1
Rac8 23. g5 h5 24. g6 b4 25. Bxc4 Rxc4 {
Bindrich,O (2191)-Senff,M (2462) Leutersdorf 2003 0-1}) 11... Nd7 $146 (11...
Nc6 12. O-O-O Bd7 13. Kb1 O-O-O 14. Na4 Qc7 15. c4 Nd4 16. Qb4 Kb8 17. Nb6 Be8
18. Na4 g5 19. Nxd4 Bxd4 20. Bc2 Be3 21. fxg5 Bxg5 22. Rhf1 Be7 23. Qb3 Rg8 24.
g3 Rg5 25. Nc3 Bf8 26. Bd3 {
Yasseen,A (2305)-Novikov,I (2580) Manila 1992 0-1 (41)}) (11... a5 12. a4 Bxc3
13. Qxc3 Qe3+ 14. Kd1 $11) 12. O-O-O Nc5 (12... Qc7 13. Be2 Bxc3 14. bxc3 $11)
13. Kb1 (13. Nxc5 Qxc5 14. e5 dxe5 $14) 13... Bd7 $11 14. Be2 (14. e5 dxe5 15.
Nxc5 Qxc5 $11) 14... Be7 (14... Bc6 $5 15. Bf3 O-O-O $15) 15. Qd4 $14 Rg8 16.
f5 (16. Bh5 g6 17. Bf3 O-O-O $14) 16... O-O-O 17. fxe6 fxe6 18. Bg4 Kc7 19. Qc4
Bb5 $2 (19... Bf6 $5 20. Rhf1 Rge8 $11) 20. Nxb5+ (20. Qxe6 Nxe6 21. Nd5+ Kb8
22. Nxb6 Nc5 $16) 20... axb5 21. Qb4 Ra8 (21... Bf6 22. Be2 $16) 22. Nxc5 dxc5
23. Qd2 (23. Qc3 Qc6 $16) 23... Qd6 24. Qf2 (24. Qc3 $142 b4 25. Rxd6 bxc3 26.
Rxe6 $16) 24... Qa6 $4 (24... Rgf8 $142 25. Rxd6 Rxf2 26. Rxe6 Bg5 $11) 25. Qf7
$4 (25. a3 $142 Qc6 26. Qf7 $18) 25... Qxa2+ $19 26. Kc1 Rae8 27. Bxe6 (27. h4
Qa1+ 28. Kd2 Qxb2 29. Qxe6 Bg5+ 30. hxg5 Rxe6 31. Bxe6 Rf8 $19) 27... Qxe6 $3 (
27... Qxe6 28. Qxe6 Bg5+ 29. Kb1 Rxe6 $19) 0-1